[Event "Padova op-B 15th"]
[Site "Padova"]
[Date "2012.12.22"]
[Round "4"]
[White "Zanini, Andrea"]
[Black "Quaranta, Gaetano"]
[Result "1-0"]
[WhiteElo "1662"]
[BlackElo "1815"]
[PlyCount "45"]
[EventDate "2012.12.15"]
[EventType "swiss"]
[EventRounds "6"]
[EventCountry "ITA"]
[SourceTitle "EXT 2015"]
[Source "ChessBase"]
[SourceDate "2014.11.20"]
[SourceVersion "1"]
[SourceVersionDate "2014.11.20"]
[SourceQuality "1"]

1. b3 e5 2. Bb2 Nc6 3. e3 d5 4. Bb5 Bd6 5. f4 Qe7 6. Nf3 f6 7. h3 exf4 8. 0-0 fxe3 9. Re1 Be6 10. Rxe3 Kf7 11. Bxc6 bxc6 12. Nd4 Bc5 13. Ba3 Bxa3 14. Nxa3 Qxa3 15. Nxe6 Qd6 16. Qg4 g6 17. Rf1 Nh6 18. Qg5 Nf5 19. Rxf5 gxf5 20. Qg7+ Ke8 21. Qxh8+ Kd7 22. Qxa8 Qe7 23. Nf8+ 1-0

[Event "Padova op-B 15th"]
[Site "Padova"]
[Date "2012.12.15"]
[Round "1"]
[White "Solaroli, Riccardo"]
[Black "Zanini, Andrea"]
[Result "1-0"]
[WhiteElo "1920"]
[BlackElo "1662"]
[PlyCount "125"]
[EventDate "2012.12.15"]
[EventType "swiss"]
[EventRounds "6"]
[EventCountry "ITA"]
[SourceTitle "EXT 2015"]
[Source "ChessBase"]
[SourceDate "2014.11.20"]
[SourceVersion "1"]
[SourceVersionDate "2014.11.20"]
[SourceQuality "1"]

1. e4 b6 2. d4 Bb7 3. Nc3 e6 4. Nf3 Bb4 5. Bd3 h6 6. a3 Bxc3+ 7. bxc3 Nf6 8. Qe2 0-0 9. e5 Ne8 10. 0-0 d6 11. a4 Nd7 12. Ba3 c5 13. Nd2 dxe5 14. dxe5 Nc7 15. f4 Nd5 16. Qe4 f5 17. exf6 N7xf6 18. Qxe6+ Kh8 19. c4 Re8 20. Qf7 Re7 21. Qg6 Ne3 22. Bb2 Qg8 23. Bxf6 gxf6 24. Qxh6+ Rh7 25. Qxh7+ Qxh7 26. Bxh7 Kxh7 27. Rf2 Rg8 28. g3 Nxc2 29. Ra2 Nd4 30. a5 Re8 31. Kf1 Bc8 32. Kg2 Bb7+ 33. Kh3 Ne2 34. axb6 Ng1+ 35. Kh4 axb6 36. Ra7 Re7 37. Ne4 Kh8 38. Nxf6 Rf7 39. Nh5 Rh7 40. f5 Nf3+ 41. Rxf3 Bxf3 42. Rxh7+ Kxh7 43. Nf6+ Kg7 44. Nd7 b5 45. cxb5 c4 46. f6+ Kg8 47. Ne5 c3 48. Nd3 Be2 49. b6 Bxd3 50. b7 c2 51. b8Q+ Kf7 52. Qe5 c1Q 53. Qe7+ Kg6 54. Qg7+ Kf5 55. g4+ Ke6 56. Qe7+ Kd5 57. Qd7+ Ke4 58. Qe6+ Kd4 59. f7 Qf1 60. Qd6+ Kc3 61. f8Q Qe2 62. Qg3 Qe6 63. Qc5+ 1-0

[Event "Padova op-A 13th"]
[Site "Padova"]
[Date "2010.12.13"]
[Round "2.17"]
[White "Zanini, Andrea"]
[Black "Antoniacci, Ricardo"]
[Result "0-1"]
[WhiteElo "1687"]
[BlackElo "1923"]
[PlyCount "62"]
[EventDate "2010.12.12"]
[EventType "swiss"]
[EventRounds "9"]
[EventCountry "ITA"]
[SourceTitle "EXT 2024"]
[Source "ChessBase"]
[SourceDate "2023.10.10"]
[SourceVersion "1"]
[SourceVersionDate "2023.10.10"]
[SourceQuality "1"]

1. Nf3 f5 2. g3 g6 3. d4 Bg7 4. e3 Nf6 5. Bg2 0-0 6. Nbd2 Nc6 7. a3 d6 8. c4 e5 9. d5 Ne7 10. Rb1 h6 11. b3 g5 12. h4 g4 13. Nh2 e4 14. Bb2 c6 15. dxc6 bxc6 16. Qc1 Be6 17. Bc3 Nd7 18. Bxg7 Kxg7 19. Qc3+ Kh7 20. b4 Ne5 21. Bf1 Qc7 22. c5 dxc5 23. bxc5 Rad8 24. Qc2 Bd5 25. Rg1 Rd7 26. Bc4 Rfd8 27. Nhf1 Bxc4 28. Rg2 Bd3 29. Qb3 Bxb1 30. Qxb1 Nf3+ 31. Ke2 Nxd2 0-1

[Event "Basso Veronese  op-B 3rd"]
[Site "Verona"]
[Date "2010.05.29"]
[Round "1"]
[White "Magnabosco, Mauro Denis"]
[Black "Zanini, Andrea"]
[Result "1/2-1/2"]
[WhiteElo "1440"]
[BlackElo "1694"]
[PlyCount "83"]
[EventDate "2010.05.29"]
[EventType "swiss"]
[EventRounds "6"]
[EventCountry "ITA"]
[SourceTitle "EXT 2011"]
[Source "ChessBase"]
[SourceDate "2010.11.26"]
[SourceVersion "1"]
[SourceVersionDate "2010.11.26"]
[SourceQuality "1"]

1. e4 d5 2. exd5 Nf6 3. Nc3 Nxd5 4. Nxd5 Qxd5 5. d4 Nc6 6. Be3 Bf5 7. a3 0-0-0 8. c4 Qe4 9. Nf3 h6 10. Nd2 Qh4 11. g3 Qf6 12. d5 Nd4 13. Rc1 e6 14. Bg2 h5 15. Nf3 Nxf3+ 16. Qxf3 Qxb2 17. 0-0 a6 18. dxe6 fxe6 19. c5 Be7 20. h3 Bf6 21. g4 hxg4 22. hxg4 Bg6 23. g5 Be5 24. Qg4 Bf5 25. Qb4 c6 26. Qa4 Bh2+ 27. Kh1 Bf4+ 28. Kg1 Bxe3 29. fxe3 Rd2 30. Be4 Qe5 31. Rf4 Rh3 32. Qb4 Rb2 33. Qd4 Qxd4 34. exd4 Rg3+ 35. Kh1 Rxg5 36. Rh4 g6 37. Re1 Kd7 38. Bxf5 gxf5 39. Rh7+ Kc8 40. Rxe6 Rb1+ 41. Kh2 Rb2+ 42. Kh1 1/2-1/2

[Event "Padova op 11th"]
[Site "Padova"]
[Date "2008.12.18"]
[Round "6"]
[White "Saponara, Nicola"]
[Black "Zanini, Andrea"]
[Result "1-0"]
[WhiteElo "1838"]
[BlackElo "1674"]
[PlyCount "69"]
[EventDate "2008.12.13"]
[EventType "swiss"]
[EventRounds "9"]
[EventCountry "ITA"]
[SourceTitle "CBM 127 Extra"]
[Source "ChessBase"]
[SourceDate "2009.01.08"]
[SourceVersion "2"]
[SourceVersionDate "2009.01.28"]
[SourceQuality "1"]

1. e4 d5 2. exd5 Nf6 3. c4 e6 4. Qe2 Be7 5. Nc3 exd5 6. cxd5 Nxd5 7. Nxd5 Qxd5 8. Nf3 Bg4 9. d4 Bxf3 10. Qxf3 Qxf3 11. gxf3 Bf6 12. Be3 0-0 13. 0-0-0 a6 14. Bd3 g6 15. f4 Rd8 16. Be4 c6 17. h4 Re8 18. f3 Bxh4 19. Rxh4 f5 20. Rdh1 h5 21. Bxf5 gxf5 22. Bd2 Rf8 23. Rxh5 Nd7 24. Rg5+ Kf7 25. Rxf5+ Ke6 26. Rfh5 Rf5 27. Re1+ Kf6 28. Rh7 Rd8 29. Ree7 Rd5 30. Be1 Nf8 31. Bh4+ Kg6 32. Rhg7+ Kh6 33. Bg5+ Kh5 34. Re1 Rxg5 35. Rxg5+ 1-0

[Event "Padova op-A 10th"]
[Site "Padova"]
[Date "2007.12.22"]
[Round "8.19"]
[White "Zanini, Andrea"]
[Black "Pichierri, Gianmatteo"]
[Result "0-1"]
[WhiteElo "1646"]
[BlackElo "1569"]
[PlyCount "92"]
[EventDate "2007.12.15"]
[EventType "swiss"]
[EventRounds "9"]
[EventCountry "ITA"]
[SourceTitle "EXT 2024"]
[Source "ChessBase"]
[SourceDate "2023.10.10"]
[SourceVersion "1"]
[SourceVersionDate "2023.10.10"]
[SourceQuality "1"]

1. d4 d5 2. Nf3 Bf5 3. e3 e6 4. Bd3 Bxd3 5. Qxd3 Nd7 6. Nbd2 Ngf6 7. c3 c5 8. e4 dxe4 9. Nxe4 Be7 10. Be3 Qc7 11. Nxf6+ Bxf6 12. 0-0 0-0 13. Rfe1 Rfd8 14. Qc2 cxd4 15. Bxd4 Bxd4 16. Nxd4 Nf6 17. Rad1 Rd5 18. Qa4 Rad8 19. Nf3 h6 20. h3 a6 21. Qb3 R8d6 22. Rxd5 Rxd5 23. Rd1 Rxd1+ 24. Qxd1 Qb6 25. b3 Ne4 26. Qd4 Qxd4 27. cxd4 Nc3 28. a3 Kf8 29. Kf1 Ke7 30. Ke1 Kd6 31. a4 Nd5 32. g3 b5 33. axb5 axb5 34. Kd2 Nf6 35. Ke3 Nd7 36. h4 e5 37. Nxe5 Nxe5 38. dxe5+ Kxe5 39. Kd3 Kd5 40. b4 h5 41. f3 f5 42. f4 g6 43. Ke3 Kc4 44. g4 hxg4 45. h5 gxh5 46. Kf2 Kxb4 0-1

[Event "Padova op-A 10th"]
[Site "Padova"]
[Date "2007.12.20"]
[Round "6.16"]
[White "Zanini, Andrea"]
[Black "Rossi, Giampiero"]
[Result "0-1"]
[WhiteElo "1646"]
[BlackElo "1991"]
[PlyCount "92"]
[EventDate "2007.12.15"]
[EventType "swiss"]
[EventRounds "9"]
[EventCountry "ITA"]
[SourceTitle "EXT 2024"]
[Source "ChessBase"]
[SourceDate "2023.10.10"]
[SourceVersion "1"]
[SourceVersionDate "2023.10.10"]
[SourceQuality "1"]

1. d4 d5 2. Nf3 c6 3. e3 Bf5 4. c4 e6 5. Qb3 Qb6 6. Qxb6 axb6 7. a3 Nf6 8. Nc3 h6 9. cxd5 exd5 10. Be2 Nbd7 11. 0-0 Bd6 12. h3 0-0 13. Rd1 Rfe8 14. Nh4 Bc2 15. Rd2 Bh7 16. Rd1 b5 17. b4 Bxb4 18. Bb2 Bf8 19. Nf3 Nb6 20. Nd2 Na4 21. Nxa4 Rxa4 22. Rdc1 Rea8 23. Nb3 Bxa3 24. Bxa3 Rxa3 25. Rxa3 Rxa3 26. Nc5 Ra7 27. Nb3 Bf5 28. g4 Bd7 29. Nc5 Be8 30. Nb3 Ne4 31. f3 Nd6 32. Kf2 f6 33. Bd3 g5 34. f4 Ra3 35. Rb1 Ra2+ 36. Kf3 Nc4 37. Rd1 Ra3 38. Bxc4 bxc4 39. Nc5 b6 40. Nb7 Kf8 41. Nd6 Bd7 42. fxg5 hxg5 43. Nf5 Bxf5 44. gxf5 b5 45. Ke2 Ra2+ 46. Kf3 b4 0-1

[Event "Veneto Region-ch"]
[Site "Arqua Petrarca"]
[Date "2006.05.06"]
[Round "1"]
[White "Vianello, Enrico"]
[Black "Zanini, Andrea"]
[Result "1-0"]
[WhiteElo "2094"]
[BlackElo "1700"]
[PlyCount "81"]
[EventDate "2006.05.06"]
[EventType "swiss"]
[EventRounds "6"]
[EventCountry "ITA"]
[SourceTitle "EXT 2011"]
[Source "ChessBase"]
[SourceDate "2010.11.26"]
[SourceVersion "1"]
[SourceVersionDate "2010.11.26"]
[SourceQuality "1"]

1. d4 d5 2. c4 Nf6 3. Nc3 c6 4. Bg5 e6 5. e3 Nbd7 6. Nf3 Bb4 7. Qc2 Qa5 8. Nd2 Bxc3 9. bxc3 h6 10. Bh4 g5 11. Bg3 Ne4 12. Nxe4 dxe4 13. Bd6 f5 14. Be2 h5 15. f3 exf3 16. gxf3 Nf8 17. Rb1 Qd8 18. c5 g4 19. Kd1 Ng6 20. Kc1 Qg5 21. f4 Qh4 22. Kb2 Ne7 23. e4 b6 24. Ka1 b5 25. Bd3 0-0 26. Rbg1 Qf6 27. h3 Qh6 28. Bxe7 Rf7 29. Bd6 a5 30. hxg4 fxg4 31. Rxg4+ Rg7 32. Rxg7+ Kxg7 33. Qg2+ Qg6 34. Bf8+ Kf7 35. Qxg6+ Kxg6 36. Be2 Bd7 37. Bxh5+ Kf6 38. Bh6 Rh8 39. Bg5+ Kg7 40. e5 Be8 41. Bf6+ 1-0